00495nam a2200193 a 4500001001300000003000900013005001700022008004100039020001000080082001500090100001900105245004000124260005000164300000900214500003500223505001000258650001400268700001900282nice12345678IN_TiNIC20260116011253.0050524s1914 cama grp 000 0 eng  ac10000a234.5bMCD aMc Dowall, S A aEvolution and the Need of Atonement aCambridge bCambridge University Press c1914 a183p aincludes index and biblioraphy2 aIndex aAtonement1 aMc Dowall, S A